000 00562nam a2200181 i 4500
001 13701
003 ES-MaACL
005 20230906150639.0
007 t|
008 980602s1981 ve ||||1| spa d
080 _a821.134.2(899) Onetti, Juan Carlos 1.06
100 1 _aVerani, Hugo J.
_9113976
245 1 0 _aOnetti
_b: el ritual de la impostura /
_cHugo J. Verani.
260 _aCaracas :
_bMonte Avila,
_c[1981]
300 _a333 p. ;
_c18 cm.
600 1 4 _aOnetti, Juan Carlos-
_xCrítica e interpretación.
_987073
852 _aES-MaACL
_jL-20999
_bR.122653
999 _c13701
_d13701